000 00522nam a2200169 i 4500
001 80553
003 ES-MaACL
005 20230906174236.0
007 t|
008 041028s1961 sw ||||1| spa d
100 1 _aHoeock, Erik.
_963919
245 1 3 _aLa vida económica de Suecia /
_cErik Hoeock ; traducción de Ernesto Ramírez Torres.
260 _aEstocolmo :
_bInstituto Sueco,
_c1961.
300 _a114 p., 3 lám. ;
_c18 cm.
700 1 _aRamírez Torres, Ernesto.
_995172
852 _aES-MaACL
_jC-21337
_bR.49523
999 _c80553
_d80553